The Lucas-Kanade method for optical flow; Научная инициатива иностранных студентов и аспирантов российских вузов

Podrobná bibliografie
Parent link:Научная инициатива иностранных студентов и аспирантов российских вузов.— 2011.— [С. 295-297]
Hlavní autor: Nguyen Toan Thang
Další autoři: Spitsyn V. G. (научный руководитель)
Shrnutí:Заглавие с экрана.
Электронная версия печатной публикации
Jazyk:angličtina
Vydáno: 2011
Témata:
On-line přístup:http://www.lib.tpu.ru/fulltext/v/Conferences/2011/K04/114078.pdf
Médium: Elektronický zdroj Kapitola
KOHA link:https://koha.lib.tpu.ru/cgi-bin/koha/opac-detail.pl?biblionumber=214001

MARC

LEADER 00000naa2a2200000 4500
001 214001
005 20260114140310.0
035 |a (RuTPU)RU\TPU\book\233849 
035 |a RU\TPU\book\232038 
090 |a 214001 
100 |a 20120419d2011 k y0rusy50 ca 
101 0 |a eng 
102 |a RU 
135 |a drnn ---uucaa 
181 0 |a i  
182 0 |a b 
200 1 |a The Lucas-Kanade method for optical flow  |f Nguyen Toan Thang  |g науч. рук. V. G. Spitsyn 
203 |a Текст  |c электронный 
215 |a 1 файл (540 Кб) 
300 |a Заглавие с экрана. 
300 |a Электронная версия печатной публикации 
337 |a Adobe Reader 
463 1 |0 (RuTPU)RU\TPU\book\227679  |t Научная инициатива иностранных студентов и аспирантов российских вузов  |o сборник докладов IV Всероссийской научно-практической конференции, Томск, 19-21 мая 2011 г.  |f Ассоциация иностранных студентов в России (АИС) ; Национальный исследовательский Томский политехнический университет (ТПУ), Институт международного образования и языковой коммуникации (ИМОЯК)  |v [С. 295-297]  |d 2011 
610 1 |a оптические методы 
610 1 |a Lucas-Kanade 
610 1 |a электронный ресурс 
610 1 |a труды учёных ТПУ 
700 1 |a Nguyen Toan Thang 
702 0 |a Spitsyn  |b V. G.  |4 727 
801 1 |a RU  |b 63413507  |c 20120301 
801 2 |a RU  |b 63413507  |c 20130131  |g RCR 
856 4 |u http://www.lib.tpu.ru/fulltext/v/Conferences/2011/K04/114078.pdf 
942 |c CF